Catalogus librorum doctoris D. Joach. Gómez de la Cortina, march. de Morante, qui in aedibus suis exstant. (Record no. 160144)
[ view plain ]
| 000 -LEADER | |
|---|---|
| campo de control de longitud fija | 00632nam a22001695i 4500 |
| 001 - NÚMERO DE CONTROL | |
| campo de control | 160144 |
| 003 - IDENTIFICADOR DE NÚMERO DE CONTROL | |
| campo de control | ES-MaACL |
| 005 - FECHA Y HORA DE LA ÚLTIMA TRANSACCIÓN | |
| campo de control | 20230906211941.0 |
| 008 - DATOS DE LONGITUD FIJA--INFORMACIÓN GENERAL | |
| campo de control de longitud fija | 940202s18541870sp |||| | spa d |
| 040 ## - FUENTE DE CATALOGACIÓN | |
| Centro catalogador/agencia de origen | AS |
| Lengua de catalogación | spa |
| 100 1# - ENTRADA PRINCIPAL--NOMBRE DE PERSONA | |
| Nombre de persona | Gómez de la Cortina, Joaquín |
| Títulos y otros términos asociados al nombre | Marqués de Morante ( |
| Fechas asociadas al nombre | 1805-1868) |
| 9 (RLIN) | 57894 |
| 245 10 - MENCIÓN DEL TÍTULO | |
| Título | Catalogus librorum doctoris D. Joach. Gómez de la Cortina, march. de Morante, qui in aedibus suis exstant. |
| 260 ## - PUBLICACIÓN, DISTRIBUCIÓN, ETC. | |
| Lugar de publicación, distribución, etc. | Matriti : |
| Nombre del editor, distribuidor, etc. | [s.n.], |
| Fecha de publicación, distribución, etc. | 1854-1870 ( |
| Fabricante | Apud Eusebium Aguado) |
| 300 ## - DESCRIPCIÓN FÍSICA | |
| Extensión | 9 v. ; |
| Dimensiones | 23 cm. |
| 596 #1 - NOTA AL PIE DE IMPRENTA | |
| NOTA AL PIE DE IMPRENTA | Marca tip. en port. |
| 852 ## - LOCALIZACIÓN | |
| Ubicación | ES-MaACL |
| Número de control de estantería | D-1696-1703 |
| Nota libre | -- Enc. hol. |
| condición física | -- Falta el T. IX |
| Estatus retirado | Estado de pérdida | Estado de daño | No para préstamo | Colección | Biblioteca de origen | Biblioteca actual | Ubicación en estantería | Fecha de adquisición | Fuente de adquisición | Total de préstamos | Signatura topográfica completa | Código de barras | Visto por última vez | Precio de reemplazo | Tipo de ítem Koha |
|---|---|---|---|---|---|---|---|---|---|---|---|---|---|---|---|
| Libros del s. XIX | Biblioteca del Ateneo de Madrid | Biblioteca del Ateneo de Madrid | Sala Valle Inclán | 17/01/2008 | D-1696-1703 | 901167662 | 23/02/2023 | 23/02/2023 | Libro impreso antiguo |
